Women and Politics in the Third World (Record no. 9548)

MARC details
000 -LEADER
fixed length control field 00636nam a2200253 a 4500
020 ## - INTERNATIONAL STANDARD BOOK NUMBER
ISBN 0415612
082 00 - DEWEY DECIMAL CLASSIFICATION NUMBER
Classification number 305.420917
Author Cutter AFS
100 ## - MAIN ENTRY--AUTHOR NAME
Author name Afshar, Haleh
245 ## - TITLE STATEMENT
Title Women and Politics in the Third World
260 ## - PUBLICATION, DISTRIBUTION, ETC. (IMPRINT)
Place of publication London
Name of publisher Routledge Chapman Hall
Year of publication 1996
300 ## - PHYSICAL DESCRIPTION
Number of Pages 210p
500 ## - GENERAL NOTE
General note includes index and biblioraphy
505 2# - FORMATTED CONTENTS NOTE
Formatted contents note Index
650 ## - SUBJECT ADDED ENTRY--TOPICAL TERM
Topical Term Women-Third World
650 ## - SUBJECT ADDED ENTRY--TOPICAL TERM
Topical Term Muslim Women
942 ## - ADDED ENTRY ELEMENTS (KOHA)
Koha item type Books
700 1# -
-- Afshar, Haleh
Holdings
Collection code Home library Current library Date acquired Cost, normal purchase price Full call number Accession Number Koha item type
  Henry Martyn Institute Library Henry Martyn Institute Library 03/23/2007 12.99 305.420917 AFS 017218 Books
                   Copyright © 2026 | Henry Martyn Institute | Hyderabad | TS-500052 | INDIA | Implemented by hmi.edu.in
Hit-Count:

Powered by Koha